El príncipe: comentado

Sparad:
Bibliografiska uppgifter
Huvudupphovsman: Maquiavelo, Nicolás (autor)
Materialtyp: Bok
Språk:spanska
Publicerad: Buenos Aires Heliasta S.R.L. 1994
Serie:Biblioteca de Estudios Políticos
Ämnen:
Taggar: Lägg till en tagg
Inga taggar, Lägg till första taggen!

MARC

LEADER 00000nam a2200000 a 4500
001 UCP3449
003 CL-VaPUC
005 20210923074619.0
008 990625e19940000AG |||||||||||||||||spa|d
999 |c 281765  |d 281763 
040 |c Pontificia Universidad Católica de Valparaíso 
082 0 4 |a 320.01  |b MAQ  |2 21 
100 |a Maquiavelo, Nicolás  |e autor  |9 498654 
245 1 3 |a El príncipe: comentado 
260 |a Buenos Aires  |b Heliasta S.R.L.  |c 1994 
300 |a 225 p 
490 0 |a Biblioteca de Estudios Políticos 
583 |a last modification  |c 20121001 12:50:32  |k Rodrigo Vera 
650 0 |a Ciencias Políticas  |9 255201 
650 7 |a FILOSOFIA POLITICA  |2 CL-VaPUC  |9 430710 
650 0 |a Biografías  |9 255210 
942 |c BK  |2 ddc 
945 |d 19990625 00:00:00  |a vberengu 
952 |0 0  |1 0  |4 0  |6 320_010000000000000_MAQ_1994  |7 0  |8 A  |9 322750  |a BIBDER  |b BIBDER  |d 2019-11-20  |i 3527565  |l 1  |o 320.01 MAQ 1994  |p 3527565  |r 2022-04-06  |s 2022-03-30  |w 2019-11-20  |y BK  |k DER